Szczegóły MARC21

Space : 5. Międzynarodowy Festiwal Sztuki Wizualnej inSPIRACJE 2009 = Space : 5. International Festival of Visual Art inSPIRACJE 2009 /

003 -Nazwa inst., której nr kontr. jest w polu 001 [,]
    • @
    • Nazwa instytucji, której n kontrolny jest w polu 001
    • NUKAT
005 -DATA I CZAS OSTATNIEJ MODYFIKACJI [,]
    • @
    • pole kontrolne
    • 20241231114321.0
020 -Międzynarod. znormalizowany nr książki - ISBN [ , ]
    • a
    • Numer ISBN
    • 9788392787709 Find
040 -Instytucja sporządzająca opis [ , ]
    • a
    • Instytucja, która sporządziła opis (NP)
    • POZN U/MC
    • c
    • Instytucja, która sporządziła rekord (NP)
    • POZN U/MC
    • d
    • Instytucja, która zmodyfikowała rekord (P)
    • POZN U/MW
    • d
    • Instytucja, która zmodyfikowała rekord (P)
    • POZN U/KNs
041 -Język dokumentu [1, ]
    • a
    • Język tekstu (P)
    • polski
    • a
    • Język tekstu (P)
    • angielski
    • h
    • Język tekstu oryginalnego i/lub pośredniego (P)
    • polski
942 -Rodzaj dokumentu [ , ]
    • c
    • Rodzaj dokumentu
    • Książka
111 -Hasło główne - nazwa imprezy [2, ]
    • a
    • Nazwa imprezy (NP)
    • Międzynarodowy Festiwal Sztuki Wizualnej InSPIRACJE Find
    • n
    • Numer imprezy (P)
    • (5 ;
    • d
    • Data imprezy (NP)
    • 2009 ;
    • c
    • Miejsce imprezy (NP)
    • Szczecin).
    • 9
    • KHW
    • 295203
245 -Strefa tytułu i oznaczenia odpowiedzialności [1,0]
    • a
    • Tytuł
    • Space : Find
    • b
    • Ciąg dalszy tytułu (NP)
    • 5. Międzynarodowy Festiwal Sztuki Wizualnej inSPIRACJE 2009 = Space : 5. International Festival of Visual Art inSPIRACJE 2009 / Find
    • c
    • Pozostałe elementy strefy tytułu i oznaczenia odpowiedzialności (NP)
    • [red. Arek Piętak ; tł. Anna Szotta].
246 -Wariant tytułu [3, ]
    • a
    • Tytuł (NP)
    • Międzynarodowy Festiwal Sztuki Wizualnej inSPIRACJE 2009, 5
246 -Wariant tytułu [3,1]
    • a
    • Tytuł (NP)
    • 5. International Festival of Visual Art inSPIRACJE 2009
246 -Wariant tytułu [1,8]
    • a
    • Tytuł (NP)
    • InSPIRACJE/space
260 -Strefa adresu wydawniczego [ , ]
    • a
    • Miejsce wydania (P)
    • Szczecin :
    • b
    • Nazwa wydawcy (P)
    • Klub 13 Muz,
    • c
    • Data wydania (P)
    • 2009.
300 -Strefa opisu fizycznego [ , ]
    • a
    • Określenie formy książki i/lub objętość (NP)
    • 179 s. :
    • b
    • Oznaczenie ilustracji (NP)
    • il. kolor. ;
    • c
    • Format (NP)
    • 25 cm.
336 -Typ zawartości [ , ]
    • a
    • Termin opisujący typ zawartości
    • Tekst
    • b
    • Kod określający zawartość
    • txt
    • 2
    • Źródło (terminu i kodu)
    • rdacontent
337 -Typ mediów [ , ]
    • a
    • Tryb odtwarzania
    • Bez urządzenia pośredniczącego
    • b
    • Kod typu mediów
    • n
    • 2
    • Źródło (terminu i kodu)
    • rdamedia
338 -Typ/rodzaj nośnika [ , ]
    • a
    • Hasło opisujące typ nośnika
    • Wolumin
    • b
    • Kod typu nośnika
    • nc
    • 2
    • Źródło (terminu i kodu)
    • rdacarrier
380 -Deskryptor - Forma dzieła (P) [ , ]
    • a
    • forma dzieła (NP)
    • Druki ulotne
500 -Uwaga ogólna [ , ]
    • a
    • Uwaga ogólna (NP)
    • 5. Międzynarodowy Festiwal Sztuki Wizualnej inSPIRACJE Szczecin/ Poland 19-22.03.2009.
546 -Uwaga dot. języka [ , ]
    • a
    • Uwaga dot. języka
    • Równolegle teks pol. i przekł. ang.
611 -Hasło przedmiotowe w formie nazwy imprezy [2,7]
    • a
    • Nazwa imprezy
    • Międzynarodowy Festiwal Sztuki Wizualnej InSPIRACJE
    • n
    • Numer imprezy
    • (5 ;
    • d
    • Data imprezy
    • 2009 ;
    • c
    • Miejsce imprezy
    • Szczecin).
    • 2
    • Źródło terminu
    • kaba
    • 9
    • KHW
    • 295203
650 -Hasło przedmiotowe [ ,7]
    • a
    • Hasło przedmiotowe
    • Sztuka
    • y
    • Określnik chronologiczny
    • 1990-.
    • 2
    • Źródło terminu
    • kaba
    • 9
    • KHW
    • 132215
700 -Hasło dodatkowe - nazwa osobowa [1, ]
    • a
    • Nazwa osobowa (NP)
    • Piętak, Arek. Find
    • e
    • Określenie rodzaju współpracy
    • Red.
    • 9
    • KHW
    • 403537
700 -Hasło dodatkowe - nazwa osobowa [1, ]
    • a
    • Nazwa osobowa (NP)
    • Szotta, Anna. Find
    • e
    • Określenie rodzaju współpracy
    • Tł.
    • 9
    • KHW
    • 610391
920 -ISBN [ , ]
    • a
    • ISBN
    • 978-83-927877-0-9 Find
Numer inwentarzowy Status udost. Lokalizacja
Ikn.10341BG